[Event "FIDE World Uni Rapid-C 1st"]
[Site "Tornelo INT"]
[Date "2021.03.21"]
[Round "11"]
[White "Guzman Miraval, Christian Andre"]
[Black "Monteiro, Paulo Alexandre G"]
[Result "1-0"]
[WhiteElo "1776"]
[BlackElo "2023"]
[PlyCount "53"]
[EventDate "2021.03.20"]
[EventType "swiss (rapid)"]
[EventRounds "12"]
[EventCountry "NET"]
[SourceTitle "CBM 201 Extra"]
[Source "ChessBase"]
[SourceDate "2021.05.31"]
[SourceVersion "1"]
[SourceVersionDate "2021.05.31"]
[SourceQuality "1"]

1. d4 Nf6 2. Bf4 g6 3. Nc3 Bg7 4. e4 d6 5. Qd2 c6 6. f3 b5 7. Bh6 0-0 8. h4 e5 9. Bxg7 Kxg7 10. 0-0-0 Qb6 11. h5 Be6 12. hxg6 fxg6 13. d5 cxd5 14. exd5 Bd7 15. Qh6+ Kg8 16. Ne4 Bf5 17. Nxf6+ Rxf6 18. Qxh7+ Kf8 19. Qh8+ Ke7 20. Rh7+ Rf7 21. Rxf7+ Kxf7 22. Qh7+ Kf8 23. Qh6+ Kf7 24. Nh3 Ke7 25. g4 Bd7 26. Qg5+ Ke8 27. Bd3 1-0

[Event "FIDE World Uni Blitz-C 1st"]
[Site "Tornelo INT"]
[Date "2021.03.13"]
[Round "2.25"]
[White "Chan, Kim Yew"]
[Black "Guzman Miraval, Christian Andre"]
[Result "1/2-1/2"]
[WhiteElo "2303"]
[BlackElo "1776"]
[PlyCount "106"]
[EventDate "2021.03.13"]
[EventType "swiss (blitz)"]
[EventRounds "10"]
[EventCountry "NET"]
[SourceTitle "EXT 2022"]
[Source "ChessBase"]
[SourceDate "2021.10.06"]
[SourceVersion "1"]
[SourceVersionDate "2021.10.06"]
[SourceQuality "1"]

1. d4 d5 2. Nc3 Nf6 3. Bf4 c6 4. e3 Bf5 5. Bd3 Bg6 6. Nf3 e6 7. a3 Bd6 8. Ne5 0-0 9. 0-0 Qc7 10. Qe2 Bxd3 11. Qxd3 Nbd7 12. Nxd7 Nxd7 13. Bxd6 Qxd6 14. e4 dxe4 15. Nxe4 Qe7 16. Rad1 Rfd8 17. Qg3 Nf6 18. Nxf6+ Qxf6 19. Qc7 Rab8 20. Rfe1 Kf8 21. g3 Qe7 22. Qa5 b6 23. Qh5 Kg8 24. Qf3 Rd6 25. Rd3 Rbd8 26. Red1 g6 27. h4 h5 28. Kg2 Rd5 29. c4 R5d6 30. b4 e5 31. Qe3 Qe6 32. dxe5 Rxd3 33. Rxd3 Rxd3 34. Qxd3 Qxe5 35. Qf3 Qe6 36. Qf4 Kg7 37. Qd4+ Kg8 38. Kf3 Kf8 39. Qe4 Qf6+ 40. Ke2 Qb2+ 41. Kf1 Qxa3 42. Qxc6 Qxb4 43. Qa8+ Kg7 44. Qxa7 Qxc4+ 45. Kg2 Qc5 46. Qa1+ f6 47. Qa7+ Kg8 48. Qb8+ Kg7 49. Qb7+ Kf8 50. Qb8+ Kf7 51. Qb7+ Kf8 52. Qb8+ Kf7 53. Qb7+ Kf8 1/2-1/2

[Event "FIDE World Uni Blitz-C 1st"]
[Site "Tornelo INT"]
[Date "2021.03.13"]
[Round "5.41"]
[White "Puppi Lazo, Stephanie Beatriz"]
[Black "Guzman Miraval, Christian Andre"]
[Result "1-0"]
[WhiteElo "1992"]
[BlackElo "1776"]
[PlyCount "91"]
[EventDate "2021.03.13"]
[EventType "swiss (blitz)"]
[EventRounds "10"]
[EventCountry "NET"]
[SourceTitle "EXT 2022"]
[Source "ChessBase"]
[SourceDate "2021.10.06"]
[SourceVersion "1"]
[SourceVersionDate "2021.10.06"]
[SourceQuality "1"]

1. e4 e5 2. Nf3 Nf6 3. Nxe5 d6 4. Nf3 Nxe4 5. Nc3 Nf6 6. d4 Be7 7. Be3 Nc6 8. Qd2 a6 9. 0-0-0 d5 10. h3 b5 11. g4 b4 12. Na4 Bd7 13. Kb1 0-0 14. Nc5 Bxc5 15. dxc5 Ne4 16. Qe1 Be6 17. Nd4 Nxd4 18. Bxd4 a5 19. f3 Nf6 20. f4 Bd7 21. Bg2 c6 22. g5 Ne8 23. h4 Rb8 24. h5 a4 25. Bh3 b3 26. a3 bxc2+ 27. Kxc2 Bxh3 28. Rxh3 Qd7 29. Rdd3 Nc7 30. Qe5 Ne6 31. Bc3 d4 32. g6 f6 33. gxh7+ Kh8 34. Qf5 Nxc5 35. Qxc5 Qg4 36. Qxd4 Qg2+ 37. Bd2 c5 38. Qd5 c4 39. Qxg2 cxd3+ 40. Rxd3 Rfc8+ 41. Rc3 Kxh7 42. Qg6+ Kh8 43. Qf5 Rd8 44. h6 gxh6 45. Qxf6+ Kg8 46. Rg3+ 1-0

[Event "FIDE World Uni Blitz-C 1st"]
[Site "Tornelo INT"]
[Date "2021.03.13"]
[Round "8.27"]
[White "Rengifo Blancas, Renzo Jhonathan"]
[Black "Guzman Miraval, Christian Andre"]
[Result "1-0"]
[WhiteElo "2131"]
[BlackElo "1776"]
[PlyCount "237"]
[EventDate "2021.03.13"]
[EventType "swiss (blitz)"]
[EventRounds "10"]
[EventCountry "NET"]
[SourceTitle "EXT 2022"]
[Source "ChessBase"]
[SourceDate "2021.10.06"]
[SourceVersion "1"]
[SourceVersionDate "2021.10.06"]
[SourceQuality "1"]

1. e4 e5 2. Nf3 Nf6 3. Nc3 Bb4 4. d3 0-0 5. Be2 d5 6. exd5 Nxd5 7. Bd2 Nc6 8. 0-0 h6 9. Re1 Re8 10. Bf1 Bg4 11. h3 Bh5 12. a3 Ba5 13. b4 Bb6 14. Nxd5 Qxd5 15. c4 Bxf3 16. gxf3 Bxf2+ 17. Kxf2 Qd4+ 18. Kg2 Re6 19. Be3 Rg6+ 20. Kh1 Qh4 21. Qe2 Rd8 22. Qf2 Qh5 23. Rad1 Ne7 24. Bg2 Nf5 25. Kh2 Nh4 26. Rg1 Rf6 27. f4 exf4 28. Bc1 Rg6 29. Be4 Rf6 30. Bb2 Rdd6 31. Bxf6 Rxf6 32. Rde1 g5 33. Qe2 f3 34. Qf2 Kg7 35. Rg3 Ng6 36. Reg1 Nf4 37. Qxf3 Qxf3 38. Bxf3 Re6 39. Be4 Re5 40. Rf3 Kf8 41. h4 f5 42. Bxb7 Re2+ 43. Kh1 Kf7 44. hxg5 hxg5 45. Rxg5 Kf6 46. Rg1 Ne6 47. Rgf1 f4 48. Rxf4+ Nxf4 49. Rxf4+ Ke5 50. Rg4 Ra2 51. Re4+ Kd6 52. Bd5 Rxa3 53. Rd4 Ke5 54. Re4+ Kd6 55. Re3 c6 56. Bf7 a5 57. bxa5 Rxa5 58. Kg2 Rg5+ 59. Kf2 Rf5+ 60. Rf3 Ra5 61. Ke3 Ra1 62. Kd2 Ra2+ 63. Ke3 Ra1 64. Bg6 Kc5 65. Be4 Re1+ 66. Kf4 Rh1 67. Rg3 Rh4+ 68. Ke5 Rh5+ 69. Bf5 Kb4 70. Rg6 c5 71. Rc6 Rh1 72. Be4 Rh5+ 73. Kd6 Rh6+ 74. Kc7 Rh7+ 75. Kb6 Rh8 76. Rc7 Rb8+ 77. Rb7 Rh8 78. Re7 Rh6+ 79. Ka7 Kc3 80. Rc7 Kd4 81. Kb7 Rh2 82. Kb6 Rh6+ 83. Rc6 Rh2 84. Rxc5 Rb2+ 85. Rb5 Rh2 86. c5 Ke5 87. c6+ Kd6 88. c7 Rc2 89. Kb7 Rxc7+ 90. Kb6 Rg7 91. Rd5+ Ke6 92. Rc5 Rg1 93. Kb5 Rb1+ 94. Kc6 Ra1 95. Rb5 Rc1+ 96. Kb6 Rd1 97. Kc5 Rc1+ 98. Kd4 Ra1 99. Rb6+ Ke7 100. Ke5 Ra5+ 101. Bd5 Ra1 102. Rb7+ Kd8 103. Kd6 Ke8 104. Bc6+ Kf8 105. d4 Rg1 106. d5 Rg6+ 107. Kc7 Rg7+ 108. Kb6 Rg6 109. Kc5 Rg5 110. Rh7 Rf5 111. Rh4 Rg5 112. Re4 Rf5 113. Kd6 Rg5 114. Kc7 Rg7+ 115. Bd7 Rg1 116. d6 Rd1 117. Bc6 Ra1 118. d7 Ra7+ 119. Kb6 1-0

[Event "Lima Santisimo Nombre de Jesus 4"]
[Site "Lima"]
[Date "2013.08.03"]
[Round "7"]
[White "Lopez Callata, Jorge"]
[Black "Guzman Miraval, Christian Andre"]
[Result "0-1"]
[WhiteElo "1823"]
[BlackElo "1692"]
[PlyCount "119"]
[EventDate "2013.07.31"]
[EventType "swiss"]
[EventRounds "8"]
[EventCountry "PER"]
[SourceTitle "EXT 2024"]
[Source "ChessBase"]
[SourceDate "2023.10.10"]
[SourceVersion "1"]
[SourceVersionDate "2023.10.10"]
[SourceQuality "1"]

1. e4 c5 2. c3 e6 3. d4 b6 4. Bd3 Bb7 5. Nf3 cxd4 6. cxd4 Bb4+ 7. Bd2 Bxd2+ 8. Nbxd2 Ne7 9. Qe2 Ng6 10. Qe3 0-0 11. 0-0 Nc6 12. Rac1 Re8 13. h3 e5 14. dxe5 Ngxe5 15. Nxe5 Nxe5 16. Be2 d5 17. Bb5 Nd7 18. Qd4 a6 19. Bxd7 Qxd7 20. Qxb6 dxe4 21. Nc4 Re6 22. Rfd1 Qc6 23. Qxc6 Bxc6 24. Ne3 g6 25. Nd5 Bxd5 26. Rxd5 Kg7 27. Kf1 Rb8 28. Rc2 Rbb6 29. b3 h5 30. h4 f5 31. g3 Kf6 32. Ke2 Rbc6 33. Rcc5 Red6 34. Kd2 Rxd5+ 35. Rxd5 g5 36. hxg5+ Kxg5 37. b4 Kg4 38. Rc5 Rh6 39. a4 f4 40. gxf4 h4 41. Ke3 h3 42. Rg5+ Kh4 43. Rg1 h2 44. Rh1 Kh3 45. Kxe4 Rc6 46. Ke5 Rc4 47. b5 a5 48. f5 Rxa4 49. f6 Rb4 50. f4 Rxb5+ 51. Ke6 Kg2 52. Rxh2+ Kxh2 53. f7 Rb8 54. Ke7 a4 55. f8Q Rxf8 56. Kxf8 a3 57. f5 a2 58. f6 a1Q 59. f7 Qh8+ 60. Ke7 0-1

[Event "Lima Sagrados Corazones Recoleta 2012"]
[Site "Lima"]
[Date "2012.12.25"]
[Round "7"]
[White "Puppi Lazo, Jorge Luis"]
[Black "Guzman Miraval, Christian Andre"]
[Result "1-0"]
[WhiteElo "1949"]
[BlackElo "1704"]
[PlyCount "65"]
[EventDate "2012.12.22"]
[EventType "swiss"]
[EventRounds "8"]
[EventCountry "PER"]
[SourceTitle "EXT 2024"]
[Source "ChessBase"]
[SourceDate "2023.10.10"]
[SourceVersion "1"]
[SourceVersionDate "2023.10.10"]
[SourceQuality "1"]

1. e4 c5 2. Nf3 d6 3. d4 cxd4 4. Nxd4 Nf6 5. Nc3 g6 6. Be2 Bg7 7. Nb3 0-0 8. 0-0 Nc6 9. Re1 a5 10. a4 Be6 11. Bf1 d5 12. Nc5 Bg4 13. Be2 Bxe2 14. Qxe2 Qb6 15. Nb3 dxe4 16. Nxe4 Nxe4 17. Qxe4 Rfd8 18. Bf4 Qb4 19. Rab1 Qxe4 20. Rxe4 Bxb2 21. Kf1 Ba3 22. Bc7 Rd7 23. Bb6 f5 24. Re3 Bd6 25. Rd3 Ne5 26. Rd5 Nc4 27. Bc5 b6 28. Bxd6 Rxd6 29. Rxd6 Nxd6 30. Nd4 Rb8 31. Ke2 Kf7 32. Nc6 Rb7 33. Nd8+ 1-0

[Event "Lima Sagrados Corazones Recoleta 2012"]
[Site "Lima"]
[Date "2012.12.24"]
[Round "6"]
[White "Guzman Miraval, Christian Andre"]
[Black "Molina Contreras, David"]
[Result "1-0"]
[WhiteElo "1704"]
[BlackElo "1666"]
[PlyCount "143"]
[EventDate "2012.12.22"]
[EventType "swiss"]
[EventRounds "8"]
[EventCountry "PER"]
[SourceTitle "EXT 2024"]
[Source "ChessBase"]
[SourceDate "2023.10.10"]
[SourceVersion "1"]
[SourceVersionDate "2023.10.10"]
[SourceQuality "1"]

1. d4 Nf6 2. f4 b6 3. Nf3 Bb7 4. e3 e6 5. Bd3 c5 6. c3 a6 7. a4 Ne4 8. 0-0 d5 9. Bd2 Nd7 10. Be1 f5 11. Nbd2 Be7 12. Ne5 Nxe5 13. fxe5 Bg5 14. Qe2 0-0 15. Nxe4 fxe4 16. Rxf8+ Qxf8 17. Bc2 Qe7 18. Bg3 b5 19. axb5 axb5 20. Rxa8+ Bxa8 21. Qxb5 Bxe3+ 22. Bf2 Bxf2+ 23. Kxf2 cxd4 24. Qb8+ Qf8+ 25. Qxf8+ Kxf8 26. cxd4 Ke7 27. Ba4 Kd8 28. Ke3 Kc7 29. Be8 Bc6 30. Bf7 Bd7 31. g4 Kb6 32. h4 Kb5 33. g5 Kb4 34. Bh5 Kb3 35. Be2 Kxb2 36. Bd1 Kc3 37. Be2 Kc2 38. Ba6 Kd1 39. Be2+ Ke1 40. Ba6 Kd1 41. Bf1 Kc2 42. Be2 Kb3 43. Bf1 Kb4 44. Be2 Ka5 45. Bf1 Kb6 46. Be2 Kc7 47. Bf1 Kd8 48. Be2 Ke7 49. Bf1 Kf7 50. Be2 Bc6 51. Bh5+ Kf8 52. Be2 Be8 53. Bd1 Bf7 54. Bg4 h5 55. Be2 Ke7 56. Bd1 Kd7 57. Be2 Bg6 58. Bd1 Bf5 59. Be2 Kc6 60. Bd1 Kb5 61. Be2+ Kb4 62. Ba6 Kc3 63. Bc8 Kc2 64. Ba6 Bh3 65. Bb5 Kd1 66. Be2+ Ke1 67. Bxh5 Kf1 68. Bf7 Bf5 69. h5 Kg2 70. h6 gxh6 71. gxh6 Bh7 72. Bxe6 1-0

[Event "Lima Santisimo Nombre de Jesus 5"]
[Site "Lima"]
[Date "2012.10.17"]
[Round "6"]
[White "Guzman Miraval, Christian Andre"]
[Black "Fernandez, Roberto1111"]
[Result "1-0"]
[WhiteElo "1707"]
[BlackElo "1477"]
[PlyCount "76"]
[EventDate "2012.10.15"]
[EventType "swiss"]
[EventRounds "8"]
[EventCountry "PER"]
[SourceTitle "EXT 2024"]
[Source "ChessBase"]
[SourceDate "2023.10.10"]
[SourceVersion "1"]
[SourceVersionDate "2023.10.10"]
[SourceQuality "1"]

1. e4 c5 2. d4 cxd4 3. c3 dxc3 4. Nxc3 a6 5. Nf3 d6 6. Bc4 e6 7. Qe2 Be7 8. 0-0 Nf6 9. Rd1 Qc7 10. Bb3 0-0 11. Bf4 Nc6 12. Rac1 Bd7 13. Nd5 exd5 14. exd5 Nxd5 15. Bxd5 Rfe8 16. Qc4 Rf8 17. Ng5 Be8 18. Re1 Rd8 19. Qe4 Bxg5 20. Bxg5 Rc8 21. Qf4 Kh8 22. Be7 Rg8 23. Bxd6 Qd7 24. Red1 Nd8 25. Rxc8 Qxc8 26. Bb3 Ne6 27. Qg3 f6 28. h3 Bf7 29. Bb4 Ng5 30. Bxf7 Nxf7 31. Bc3 Re8 32. Rd3 Ne5 33. Re3 Re7 34. Bxe5 fxe5 35. Rxe5 Rd7 36. Qe3 Rd1+ 37. Kh2 Qc7 38. g3 h6 1-0

[Event "Lima Santisimo Nombre de Jesus 3"]
[Site "Lima"]
[Date "2012.06.24"]
[Round "8"]
[White "Guzman Miraval, Christian Andre"]
[Black "Tacuche, Fernando"]
[Result "0-1"]
[WhiteElo "1682"]
[BlackElo "1946"]
[PlyCount "69"]
[EventDate "2012.06.19"]
[EventType "swiss"]
[EventRounds "8"]
[EventCountry "PER"]
[SourceTitle "EXT 2024"]
[Source "ChessBase"]
[SourceDate "2023.10.10"]
[SourceVersion "1"]
[SourceVersionDate "2023.10.10"]
[SourceQuality "1"]

1. c4 e6 2. e4 c5 3. Nc3 Nc6 4. g3 g6 5. Nge2 Bg7 6. Bg2 d6 7. d3 Nge7 8. 0-0 0-0 9. Rb1 a6 10. a3 a5 11. Be3 Nd4 12. f4 Nec6 13. Bf2 e5 14. h3 Bh6 15. Nd5 Nxe2+ 16. Qxe2 Nd4 17. Bxd4 cxd4 18. f5 gxf5 19. exf5 Qg5 20. Kh2 Kh8 21. h4 Qg7 22. Bh3 f6 23. Rg1 Bd7 24. Qe4 Bc6 25. Bf1 Be3 26. Rg2 Qf7 27. Be2 Bxd5 28. cxd5 Rac8 29. b4 a4 30. g4 Bf4+ 31. Kh3 Rc3 32. Ra1 h6 33. Rf2 Be3 34. Rff1 b5 35. Bf3 0-1

[Event "Lima Santisimo Nombre de Jesus 3"]
[Site "Lima"]
[Date "2012.06.19"]
[Round "?"]
[White "Guzman Miraval, Christian Andre"]
[Black "Vasquez, Cesar"]
[Result "0-1"]
[WhiteElo "1682"]
[BlackElo "1660"]
[PlyCount "106"]
[EventDate "2012.06.19"]
[EventType "swiss"]
[EventRounds "8"]
[EventCountry "PER"]
[SourceTitle "EXT 2024"]
[Source "ChessBase"]
[SourceDate "2023.10.10"]
[SourceVersion "1"]
[SourceVersionDate "2023.10.10"]
[SourceQuality "1"]

1. e4 c5 2. Nf3 d6 3. d4 cxd4 4. Nxd4 Nf6 5. Nc3 a6 6. Bg5 e6 7. Be2 Be7 8. f4 Nbd7 9. Bh5 0-0 10. Bf3 Qa5 11. Nb3 Qc7 12. Qd2 Rb8 13. g4 b5 14. Bxf6 Bxf6 15. g5 Be7 16. h4 Nb6 17. 0-0-0 Nc4 18. Qf2 a5 19. h5 a4 20. Nd2 Bd7 21. g6 fxg6 22. hxg6 h6 23. f5 Bg5 24. Rh5 Bxd2+ 25. Rxd2 Nxd2 26. Qxd2 b4 27. Ne2 Rbc8 28. c3 bxc3 29. Nxc3 a3 30. Bd1 axb2+ 31. Kxb2 Qc5 32. Rh2 Rb8+ 33. Bb3 Rb4 34. Kc2 Ba4 35. fxe6 Bxb3+ 36. axb3 Rxe4 37. Kb2 Rxe6 38. Rg2 Ref6 39. Ne4 Qe5+ 40. Nc3 Rc8 41. Re2 Qa5 42. Qd3 Qc5 43. Qd5+ Kh8 44. Qd2 Rxg6 45. Nd5 Ra8 46. Qd3 Rg5 47. Ne7 Qa3+ 48. Kc3 Rc5+ 49. Kd2 Qb4+ 50. Ke3 Re8 51. Kf3 Qb7+ 52. Kg3 Rxe7 53. Rxe7 Qxe7 0-1